Education for all; N30; 1989 Bulletin of the UNESCO principal regional office for Asia and the Pacific
محفوظ في:
| التنسيق: | كتاب |
|---|---|
| اللغة: | Undetermined |
| منشور في: |
Rome
UNESCO
1989
|
| الموضوعات: | |
| الوسوم: |
إضافة وسم
لا توجد وسوم, كن أول من يضع وسما على هذه التسجيلة!
|
| Thư viện lưu trữ: | Trung tâm Học liệu Trường Đại học Cần Thơ |
|---|
| LEADER | 00622nam a2200169Ia 4500 | ||
|---|---|---|---|
| 001 | CTU_34135 | ||
| 008 | 210402s9999 xx 000 0 und d | ||
| 082 | |a 378 | ||
| 082 | |b E24/N30 | ||
| 245 | 0 | |a Education for all; N30; 1989 | |
| 245 | 0 | |b Bulletin of the UNESCO principal regional office for Asia and the Pacific | |
| 260 | |a Rome | ||
| 260 | |b UNESCO | ||
| 260 | |c 1989 | ||
| 650 | |a equal education - asia/pacific,lifelong eduacation - asia/pacific,universal education - asia/pacific,universities and colleges | ||
| 904 | |i Nguyễn Quang Điền, 991125 | ||
| 980 | |a Trung tâm Học liệu Trường Đại học Cần Thơ | ||